Bölcsészdoktori értekezések
Elmentve itt :
| Dokumentumtípus: | Cikk |
|---|---|
| Megjelent: |
1968
|
| Sorozat: | Acta historiae litterarum hungaricarum
8 |
| Kulcsszavak: | Magyar irodalom története 16. sz., Irodalomtudomány |
| Online Access: | http://acta.bibl.u-szeged.hu/860 |
| LEADER | 00579nab a2200169 i 4500 | ||
|---|---|---|---|
| 001 | acta860 | ||
| 005 | 20210420134423.0 | ||
| 008 | 161015s1968 hu o 0|| hun d | ||
| 022 | |a 0586-3708 | ||
| 040 | |a SZTE Egyetemi Kiadványok Repozitórium |b hun | ||
| 041 | |a hun | ||
| 245 | 0 | 0 | |a Bölcsészdoktori értekezések |h [elektronikus dokumentum] |
| 260 | |c 1968 | ||
| 300 | |a 53 | ||
| 490 | 0 | |a Acta historiae litterarum hungaricarum |v 8 | |
| 695 | |a Magyar irodalom története 16. sz., Irodalomtudomány | ||
| 856 | 4 | 0 | |u http://acta.bibl.u-szeged.hu/860/1/hist_litt_hung_008_044.pdf |z Dokumentum-elérés |